书目信息 |
| 题名: |
建筑设计表现技法
|
|
| 作者: | 宁绍强 , 谢杰 , 卫鹏 编 | |
| 分册: | ||
| 出版信息: | 合肥 合肥工业大学出版社 2006.12 |
|
| 页数: | 90页 | |
| 开本: | 29cm | |
| 丛书名: | 艺术设计表现技法丛书 | |
| 单 册: | ||
| 中图分类: | TU2 | |
| 科图分类: | ||
| 主题词: | 建筑设计--jian zhu she ji | |
| 电子资源: | ||
| ISBN: | 978-7-81093-544-9 | |
| 000 | 00994nam 2200277 450 | |
| 001 | 012007860203 | |
| 005 | 20071010094610.20 | |
| 010 | @a978-7-81093-544-9@dCNY39.00 | |
| 100 | @a20070605d2006 km y0chiy0120 ea | |
| 101 | 0 | @achi |
| 102 | @aCN@b340000 | |
| 105 | @aa a 000yy | |
| 200 | 1 | @a建筑设计表现技法@Ajian zhu she ji biao xian ji fa@f宁绍强,谢杰,卫鹏编@Fning shao qiang,xie jie,wei peng bian |
| 210 | @a合肥@c合肥工业大学出版社@d2006.12 | |
| 215 | @a90页@c图@d29cm | |
| 225 | 2 | @a艺术设计表现技法丛书@Ayi shu she ji biao xian ji fa cong shu |
| 320 | @a有书目 (第89页)。 | |
| 330 | @a本书主要内容有:建筑设计表现概论,建筑设计的表现基础,建筑设计的手绘表现,建筑表现图的单体及群组练习,建筑设计的数字表现等。 | |
| 410 | 0 | @12001 @a艺术设计表现技法丛书 |
| 606 | 0 | @a建筑设计@Ajian zhu she ji |
| 690 | @aTU2@v4 | |
| 701 | 0 | @a宁绍强@Aning shao qiang@4编 |
| 701 | 0 | @a谢杰@Axie jie@4编 |
| 701 | 0 | @a卫鹏@Awei peng@4编 |
| 801 | 0 | @aCN@c20071010 |
| 905 | @dTU2@eN657 | |
| 建筑设计表现技法/宁绍强,谢杰,卫鹏编.-合肥:合肥工业大学出版社,2006.12 |
| 90页:图;29cm.-(艺术设计表现技法丛书) |
| ISBN 978-7-81093-544-9:CNY39.00 |
| 本书主要内容有:建筑设计表现概论,建筑设计的表现基础,建筑设计的手绘表现,建筑表现图的单体及群组练习,建筑设计的数字表现等。 |
| ● |
| 相关链接 |
|
|
|
正题名:建筑设计表现技法
索取号:TU2/N657
 
预约/预借
| 序号 | 登录号 | 条形码 | 馆藏地/架位号 | 状态 | 备注 |
| 1 | 243628 | 202436284 | 建筑库101/101建筑库 30排3列3层/ [索取号:TU2/N657] | 在馆 | |
| 2 | 243629 | 202436293 | 建筑库101/101建筑库 30排3列3层/ [索取号:TU2/N657] | 在馆 | |
| 3 | 243630 | 202436300 | 建筑库101/101建筑库 30排3列3层/ [索取号:TU2/N657] | 在馆 |